000
00263nam a2200097Ia 4500
001
1206648
005
20251016145115.0
008
250824s9999 xx 000 0 und d
245
0
_a
BEN PIHTI BİR AYRILIĞIN MESNEVİSİ
_c
GÖKHAN SERTER
260
_b
MGV YAYINLARI
999
_c
1206648
_d
1206648